Statistical Design for Research (Record no. 9124)

MARC details
000 -LEADER
fixed length control field 01231pam a2200313 a 4500
001 - CONTROL NUMBER
control field 1462421
003 - CONTROL NUMBER IDENTIFIER
control field OSt
005 - DATE AND TIME OF LATEST TRANSACTION
control field 20260326162837.0
008 - FIXED-LENGTH DATA ELEMENTS--GENERAL INFORMATION
fixed length control field 861017s1987 nyua b 001 0 eng
010 ## - LIBRARY OF CONGRESS CONTROL NUMBER
LC control number 86028084
020 ## - INTERNATIONAL STANDARD BOOK NUMBER
International Standard Book Number 0471083593
040 ## - CATALOGING SOURCE
Transcribing agency must
050 00 - LIBRARY OF CONGRESS CALL NUMBER
Classification number QA279
Item number .K54 1987
082 00 - DEWEY DECIMAL CLASSIFICATION NUMBER
Classification number 310 KIS 1987
Edition number 19
100 1# - MAIN ENTRY--PERSONAL NAME
Personal name Kish, Leslie,
9 (RLIN) 18557
245 10 - TITLE STATEMENT
Title Statistical Design for Research
260 ## - PUBLICATION, DISTRIBUTION, ETC. (IMPRINT)
Place of publication, distribution, etc. New York;
Name of publisher, distributor, etc. Wiley,
Date of publication, distribution, etc. c1987.
300 ## - PHYSICAL DESCRIPTION
Extent xxii, 267 p. :
Other physical details ill. ;
Dimensions 24 cm.
490 1# - SERIES STATEMENT
Series statement Wiley series in probability and mathematical statistics. Applied probability and statistics section,
International Standard Serial Number 0271-6356
500 ## - GENERAL NOTE
General note Includes index.
504 ## - BIBLIOGRAPHY, ETC. NOTE
Bibliography, etc Bibliography: p. 254-264.
650 #0 - SUBJECT ADDED ENTRY--TOPICAL TERM
Topical term or geographic name as entry element Statistical methods.
9 (RLIN) 7425
830 #0 - SERIES ADDED ENTRY--UNIFORM TITLE
Uniform title Wiley series in probability and mathematical statistics.
Name of part/section of a work Applied probability and statistics.
9 (RLIN) 18558
856 42 - ELECTRONIC LOCATION AND ACCESS
Materials specified Contributor biographical information
Uniform Resource Identifier <a href="http://www.loc.gov/catdir/bios/wiley042/86028084.html">http://www.loc.gov/catdir/bios/wiley042/86028084.html</a>
856 42 - ELECTRONIC LOCATION AND ACCESS
Materials specified Publisher description
Uniform Resource Identifier <a href="http://www.loc.gov/catdir/description/wiley033/86028084.html">http://www.loc.gov/catdir/description/wiley033/86028084.html</a>
856 4# - ELECTRONIC LOCATION AND ACCESS
Materials specified Table of Contents
Uniform Resource Identifier <a href="http://www.loc.gov/catdir/toc/onix04/86028084.html">http://www.loc.gov/catdir/toc/onix04/86028084.html</a>
906 ## - LOCAL DATA ELEMENT F, LDF (RLIN)
a 7
b cbc
c orignew
d 1
e ocip
f 19
g y-gencatlg
942 ## - ADDED ENTRY ELEMENTS (KOHA)
Source of classification or shelving scheme Dewey Decimal Classification
Koha item type Open Shelf
Holdings
Withdrawn status Lost status Source of classification or shelving scheme Damaged status Not for loan Home library Current library Date acquired Source of acquisition Inventory number Total Checkouts Full call number Barcode Date last seen Koha item type
    Dewey Decimal Classification     MUST Main Library MUST Main Library 09/07/2024 Purchase 00/14674   310 KIS 1987 2024-21880 09/07/2024 Open Shelf
    Dewey Decimal Classification     MUST Main Library MUST Main Library 24/07/2024 Purchase 00/14675   310 KIS 1987 2024-22160 24/07/2024 Open Shelf